Faculty of Law Library — Cairo University

Official Online Catalog

Les Occupations Militaires En Italie Pendant Les Guerres De Louis Xiv / (Record no. 53222)

MARC details
000 -LEADER
fixed length control field 01530nam a22003617i 4500
003 - CONTROL NUMBER IDENTIFIER
control field EG-GICUC
005 - DATE AND TIME OF LATEST TRANSACTION
control field 20260121101551.0
008 - FIXED-LENGTH DATA ELEMENTS--GENERAL INFORMATION
fixed length control field 251230s1903 fr ||||fr|||| 00| 0 fre d
040 ## - CATALOGING SOURCE
Original cataloging agency EG-GiCUC
Language of cataloging fre
Transcribing agency EG-GiCUC
Modifying agency EG-GiCUC
Description conventions Rda
041 ## - LANGUAGE CODE
Language code of text/sound track or separate title fre
082 04 - DEWEY DECIMAL CLASSIFICATION NUMBER
Edition number 21
Classification number 341.6045
Item number LA . O
092 04 - LOCALLY ASSIGNED DEWEY CALL NUMBER (OCLC)
Edition number 21
099 ## - LOCAL FREE-TEXT CALL NUMBER (OCLC)
Classification number Law1 11 341.6045 LA . O 1903
100 1# - MAIN ENTRY--PERSONAL NAME
Personal name Lameire, Irénée,
Relator term Auteur
245 14 - TITLE STATEMENT
Title Les Occupations Militaires En Italie Pendant Les Guerres De Louis Xiv /
Statement of responsibility, etc. Par Irénée Lameire.
246 13 - VARYING FORM OF TITLE
Title proper/short title Théorie Et Pratique De La Conquête Dans L'ancien Droit (étude De Droit International Ancien)
264 #1 - PRODUCTION, PUBLICATION, DISTRIBUTION, MANUFACTURE, AND COPYRIGHT NOTICE
Place of production, publication, distribution, manufacture Paris :
Name of producer, publisher, distributor, manufacturer Libr. Nouv. de Droit et de Jurisprudence A. Rousseau,
Date of production, publication, distribution, manufacture, or copyright notice 1903.
300 ## - PHYSICAL DESCRIPTION
Extent viii, 400 pages ;
Dimensions 24 cm.
336 ## - CONTENT TYPE
Source rda contenu
Content type term texte
337 ## - MEDIA TYPE
Source rda medias
Media type term Ordinateur
338 ## - CARRIER TYPE
Source transporteur rda
Carrier type term Ressource en ligne
490 0# - SERIES STATEMENT
Series statement The making of modern law: Foreign, comparative and international law, 1600-1926.
500 ## - GENERAL NOTE
General note At head of title: Théorie et pratique de la conquête dans l'ancien droit (étude de droit international ancien)
500 ## - GENERAL NOTE
General note Reproduction of the original from the Yale Law Library.
504 ## - BIBLIOGRAPHY, ETC. NOTE
Bibliography, etc. note Includes bibliographical references.
546 ## - LANGUAGE NOTE
Language note Texte en français
600 ## - SUBJECT ADDED ENTRY--PERSONAL NAME
Personal name Louis
Numeration XIV,
Titles and other words associated with a name King of France,
Dates associated with a name 1638-1715
650 14 - SUBJECT ADDED ENTRY--TOPICAL TERM
Topical term or geographic name entry element Military occupation.
General subdivision Droit international public
Geographic subdivision Italy
650 14 - SUBJECT ADDED ENTRY--TOPICAL TERM
Topical term or geographic name entry element Droit de la guerre
856 40 - ELECTRONIC LOCATION AND ACCESS
Uniform Resource Identifier <a href="https://fll.law.cu.edu.eg/fulltext/bks/B11-06691.pdf">https://fll.law.cu.edu.eg/fulltext/bks/B11-06691.pdf</a>
905 ## - Cataloger and Reviser Names
Cataloger Name: Rawan khaled
942 ## - ADDED ENTRY ELEMENTS (KOHA)
Source of classification or shelving scheme Dewey Decimal Classification
Koha item type Books
Edition 21
Suppress in OPAC No
Holdings
Withdrawn status Lost status Source of classification or shelving scheme Damaged status Not for loan Collection Home library Current library Date acquired Total checkouts Full call number Barcode Date last seen Copy number Price effective from Koha item type
    Dewey Decimal Classification   Not for loan القانون الدولي العام جــــامعة القــاهرة مكتبة كلية الحقوق - المبنى الرئيسي 30.12.2025   Law1 11 341.6045 LA . O 1903 1106691 C1 B11-06691 30.12.2025 1 30.12.2025 Books

© All rights reserved — Faculty of Law, Cairo University